[Event "Omegna op 1st"]
[Site "Omegna"]
[Date "2013.07.06"]
[Round "5"]
[White "Lilja, Olavi Jouko"]
[Black "Salvati, Marcello"]
[Result "1/2-1/2"]
[WhiteElo "1545"]
[BlackElo "1422"]
[PlyCount "138"]
[EventDate "2013.07.04"]
[EventType "swiss"]
[EventRounds "6"]
[EventCountry "ITA"]
[SourceTitle "EXT 2014"]
[Source "ChessBase"]
[SourceDate "2013.11.20"]
[SourceVersion "1"]
[SourceVersionDate "2013.11.20"]
[SourceQuality "1"]

1. e4 d6 2. Nc3 Nf6 3. Be2 c6 4. d3 e5 5. Nf3 Bg4 6. 0-0 Be7 7. d4 Nbd7 8. dxe5 dxe5 9. Ne1 Bxe2 10. Qxe2 0-0 11. Nf3 Re8 12. Rd1 Qc7 13. Bg5 Rad8 14. h3 h6 15. Bh4 Nh5 16. Bxe7 Rxe7 17. Nh4 Nf4 18. Qg4 Nf6 19. Rxd8+ Qxd8 20. Rd1 Qc7 21. Qf3 Rd7 22. g3 Rxd1+ 23. Qxd1 Nxh3+ 24. Kh2 Nxf2 25. Qf3 N2g4+ 26. Kg2 Qd8 27. Qe2 h5 28. Nf3 g6 29. a3 Kg7 30. Kh3 Qd7 31. Kg2 Qe7 32. Nh4 Nh7 33. Qd2 Qg5 34. Qxg5 Nxg5 35. Nf3 Nxf3 36. Kxf3 Nf6 37. Ne2 Ne8 38. g4 hxg4+ 39. Kxg4 f6 40. Nc3 Nd6 41. b3 Kh6 42. a4 a5 43. Kf3 b6 44. Kg4 g5 45. Kf3 Kh5 46. Ne2 Kh4 47. c4 c5 48. Nc3 g4+ 49. Ke3 Kg5 50. Nd5 Nc8 51. Kf2 f5 52. Ne3 Kf4 53. exf5 g3+ 54. Ke2 Nd6 55. f6 g2 56. Nxg2+ Kf5 57. Ne3+ Kxf6 58. Nd5+ Ke6 59. Nxb6 Nb7 60. Ke3 Kf5 61. Nd5 Ke6 62. Nc7+ Kf5 63. Nd5 Ke6 64. Nc3 Nd6 65. Nd5 Nf5+ 66. Kd3 Nd4 67. Kc3 Ne2+ 68. Kd2 Nd4 69. Kc3 Ne2+ 1/2-1/2

[Event "Omegna op 1st"]
[Site "Omegna"]
[Date "2013.07.06"]
[Round "4"]
[White "Salvati, Marcello"]
[Black "Ferri, Antonio"]
[Result "0-1"]
[WhiteElo "1422"]
[BlackElo "1650"]
[PlyCount "70"]
[EventDate "2013.07.04"]
[EventType "swiss"]
[EventRounds "6"]
[EventCountry "ITA"]
[SourceTitle "EXT 2014"]
[Source "ChessBase"]
[SourceDate "2013.11.20"]
[SourceVersion "1"]
[SourceVersionDate "2013.11.20"]
[SourceQuality "1"]

1. d4 Nf6 2. Nf3 d5 3. e3 e6 4. Bd3 c5 5. c3 c4 6. Bc2 Nc6 7. Nbd2 b5 8. a3 Bd6 9. 0-0 0-0 10. e4 dxe4 11. Nxe4 Nxe4 12. Bxe4 Bb7 13. Re1 Qd7 14. Bxh7+ Kxh7 15. Ng5+ Kg6 16. Qg4 Bxh2+ 17. Kxh2 Rh8+ 18. Nh3+ Kh7 19. Kg1 f5 20. Qh5+ Kg8 21. Qg6 Re8 22. Bg5 Qf7 23. Nf4 Qxg6 24. Nxg6 Rh5 25. Bf4 Kf7 26. Ne5+ Nxe5 27. dxe5 Reh8 28. Kf1 Rh1+ 29. Ke2 Rxe1+ 30. Rxe1 Bxg2 31. Rg1 Bd5 32. Be3 a6 33. Bf4 Rh3 34. Rg3 Rh4 35. Bd2 Rh1 0-1